00829nam a2200217 i 4500001000300000100002200003245011000025260006700135300006900202504003400271650001600305655003000321700003800351015001700389020001500406040000800421041000800429080003500437008004100472856009800513bg1 aRADOMSKI, Andrzej10aElementy oceanologii :bwprowadzenie do środowisk morskich /cAndrzej Radomski, Marian Adam Gasiński. aKraków :bWydaw. Uniwersytetu Jagiellońskiego,ccop. 2004. a267 s., [2] s. tabl. kolor. :bfot., mapy, rys., wykr. ;c24 cm. aBibliogr. s. 247-248. Indeks. 9aOceanologia aPodręczniki akademickie1 aGASIŃSKI, Marian Adamd(1949- ) aPB 2984/2005 a8323318638 cBPK0 apol a551.46+911.2(26)+574.5](075.8) s pl f |000 0 pol  uhttp://koha.tu.koszalin.pl/cgi-bin/koha/opac-detail.pl?biblionumber=51731yKatalog online BPK